书目信息 |
| 题名: |
海德格尔式的现代神学
|
|
| 作者: | 刘小枫 选编 ;孙周兴 , 李哲汇 , 阳仁生 译 | |
| 分册: | ||
| 出版信息: | 北京 华夏出版社 2008.01 |
|
| 页数: | 249页, [1] 叶图版 | |
| 开本: | 21cm | |
| 丛书名: | 西方传统 | |
| 单 册: | ||
| 中图分类: | B516.54 | |
| 科图分类: | ||
| 主题词: | 神学--shen xue--思想评论--研究--德国--现代 | |
| 电子资源: | ||
| ISBN: | 978-7-5080-4187-2 | |
| 000 | 01296nam 2200313 450 | |
| 001 | 012008502995 | |
| 005 | 20080901200850.29 | |
| 010 | @a978-7-5080-4187-2@dCNY24.00 | |
| 100 | @a20080901d2008 em y0chiy0120 ea | |
| 101 | 0 | @achi |
| 102 | @aCN@b110000 | |
| 105 | @aaf z 000yy | |
| 106 | @ar | |
| 200 | 1 | @a海德格尔式的现代神学@Ahai de ge er shi de xian dai shen xue@d= Heidegger and modern theology@f刘小枫选编@Fliu xiao feng xuan bian@g孙周兴, 李哲汇, 阳仁生等译@Gsun zhou xing,li zhe hui,yang ren sheng deng yi@zeng |
| 210 | @a北京@c华夏出版社@d2008.01 | |
| 215 | @a249页, [1] 叶图版@c彩图@d21cm | |
| 225 | 2 | @a西方传统@Axi fang chuan tong@e经典与解释 |
| 330 | @a本书内容包括:耶稣基督与神话学、论布尔特曼、什么是系统神学、后期海德格尔与奥特神学、海德格尔之思与神学之当前、与上帝相宜的缄默等。 | |
| 410 | 0 | @12001 @a西方传统 |
| 510 | 1 | @aHeidegger and modern theology@zeng |
| 600 | 1 | @a海德格尔@Ahai de ge er@c(Heidegger, Martin),@f1889-1976@x神学@x思想评论 |
| 606 | 0 | @a神学@Ashen xue@x思想评论@x研究@y德国@z现代 |
| 690 | @aB516.54@v4 | |
| 701 | 0 | @a刘小枫@Aliu xiao feng@4选编 |
| 702 | 0 | @a孙周兴@Asun zhou xing@4译 |
| 702 | 0 | @a李哲汇@Ali zhe hui@4译 |
| 702 | 0 | @a阳仁生@Ayang ren sheng@4译 |
| 801 | 0 | @aCN@bQSSK@c20080901 |
| 905 | @b734294-96@dB516.54@eL691@f3 | |
| 海德格尔式的现代神学= Heidegger and modern theology/刘小枫选编/孙周兴, 李哲汇, 阳仁生等译.-北京:华夏出版社,2008.01 |
| 249页, [1] 叶图版:彩图;21cm.-(西方传统:经典与解释) |
| ISBN 978-7-5080-4187-2:CNY24.00 |
| 本书内容包括:耶稣基督与神话学、论布尔特曼、什么是系统神学、后期海德格尔与奥特神学、海德格尔之思与神学之当前、与上帝相宜的缄默等。 |
| ● |
| 相关链接 |
|
|
|
正题名:海德格尔式的现代神学
索取号:B516.54/L691
 
预约/预借
| 序号 | 登录号 | 条形码 | 馆藏地/架位号 | 状态 | 备注 |
| 1 | 734294 | 207342945 | 社科库509/509社科库 18排1列3层/ [索取号:B516.54/L691] | 在馆 | |
| 2 | 734295 | 207342954 | 社科库509/509社科库 18排1列3层/ [索取号:B516.54/L691] | 在馆 | |
| 3 | 734296 | 207342963 | 社科库509/509社科库 18排1列3层/ [索取号:B516.54/L691] | 在馆 |